000 00349nam a2200169Ia 4500
100 _aAndrew/Charles F
650 _aMahatma gandhi
942 _cBK
366 _f25
654 _amahatma gandhi
245 _aMahatma Gandhi:His life and ideas
260 _bJaico
_c2015
082 _bAND
300 _a301
546 _aENGLISH
999 _c24690
_d24690